ბათუმის შოთა რუსთაველის სახელმწიფო უნივერსიტეტის ბიბლიოთეკა

დეკორაციული დენდროლოგია : (ბიბ.ჩანაწერი № 61075)

000 -ლიდერი
ფიქსირებული სიგრძის საკონტროლო ველი 00993nam a22001937a 4500
003 - საკონტროლო ნომრის იდენტიფიკატორი
საკონტროლო ველი Ge_BSU
005 - ბოლო ოპერაციის თარიღი და დრო
საკონტროლო ველი 20231213152510.0
008 - ფიქსირებული სიგრძის მონაცემთა ელემენტები - ზოგადი ინფორმაცია
ფიქსირებული სიგრძის საკონტროლო ველი 231213s2018 ge ||||| |||| 00| 0 geo d
041 ## - ენის კოდი
Language code of text/sound track or separate title geo
080 ## - უნივერსალური ათობითი კლასიფიკაციის ინდექსი
Universal Decimal Classification number 635.9 ტ-96
100 ## - მთავარი ჩანაწერი - პიროვნების სახელი
Personal name ტყავაძე, მ.
9 (RLIN) 20711
245 ## - ცნობა სათაურის შესახებ
Title დეკორაციული დენდროლოგია :
Remainder of title წიგნი 2, ნაწილი 2 (ფარულთესლოვან მერქნიან მცენარეთა სისტემატიკა და დახასიათება) /
Statement of responsibility, etc მ. ტყავაძე, რ. კილაძე, ე. გუბელაძე.
264 ## - წარმოების, გამოცემის, დისტრიბუციის და სხვა ცნობები
გამოცემის, წარმოების, დისტრიბუციის... ადგილი ქუთაისი :
გამოცემის, წარმოების, დისტრიბუციის... სახელწოდება აწსუ,
გამოცემის, წარმოების, დისტრიბუციის... თარიღი 2018.
300 ## - ფიზიკური აღწერა
Extent 338 გვ.:
Other physical details ილ.;
Dimensions 28 სმ.
504 ## - BIBLIOGRAPHY, ETC. NOTE
Bibliography, etc ბიბლიოგრ. გვ. 331-333
700 ## - ADDED ENTRY--PERSONAL NAME
Personal name კილაძე, რ.
Relator term ავტორი
9 (RLIN) 20712
700 ## - ADDED ENTRY--PERSONAL NAME
Personal name გუბელაძე, ე
Relator term ავტორი
9 (RLIN) 20713
942 ## - ADDED ENTRY ELEMENTS (KOHA)
Source of classification or shelving scheme
Koha item type წიგნი
ეგზემპლარები
ჩამოწერის სტატუსი დაკარგული ეგზემპლარის სტატუსი კლასიფიკაციის წყარო ან თაროზე გაწყობის სქემა დაზიანების სტატუსი არ გაიცემა მუდმივი მდებარეობა (დაცვის ადგილი) ამჟამინდელი ადგილსამყოფელი თაროზე განთავსების ადგილი შეძენის თარიღი ღირებულება, შესყიდვის ნორმალური ფასი სრული შენახვის შიფრი შტრიხკოდი ბოლო ოპერაციის თარიღი ეგზემპლარის მიმდევრობითი ნომერი (კეტერი?) ფასის ძალაში შესვლის თარიღი ეგზემპლარის სახეობა საჯარო შენიშვნა
          აგრარული და მემბრანული ტექნოლოგიების ინსტიტუტის ბიბლიოთეკა აგრარული და მემბრანული ტექნოლოგიების ინსტიტუტის ბიბლიოთეკა წიგნსაცავი 2023-12-13 12.00 635.9 ტ-96 66965 2023-12-13 66965 2023-12-13 წიგნი 12 ლ.